| 000 | 00514nam a22001695i 4500 | ||
|---|---|---|---|
| 001 | 171490 | ||
| 003 | ES-MaACL | ||
| 005 | 20230906214639.0 | ||
| 008 | 090519s1970 sp |||| | spa d | ||
| 080 | _a372:371.2(460) | ||
| 100 | 1 |
_aSolana, Ezequiel. _9140208 |
|
| 245 | 1 | 0 |
_aLibro de matrícula y asistencia escolar / _cEzequiel Solana. |
| 260 |
_aMadrid : _bEscuela Española, _c[1970] |
||
| 300 |
_a34 h. ; _c24 cm. |
||
| 650 | 1 | 4 |
_aEnseñanza- _vFormularios. _9140209 |
| 852 |
_aES-MaACL _j2075-F-29 _9R.74985 |
||
| 999 |
_c171490 _d171490 |
||